Normal view
MARC view
Entry Personal Name
001 - CONTROL NUMBER
- control field: 3427
003 - CONTROL NUMBER IDENTIFIER
- control field: BD-RjUL
005 - DATE AND TIME OF LATEST TRANSACTION
- control field: 20220606102619.0
008 - FIXED-LENGTH DATA ELEMENTS
- fixed length control field: 220606|| aca||aabn | a|a d
040 ## - CATALOGING SOURCE
- Original cataloging agency: BD-RjUL
- Transcribing agency: BD-RjUL
100 ## - HEADING--PERSONAL NAME
- Personal name: Holloway, J. Christopher
670 ## - SOURCE DATA FOUND
- Source citation: Work cat.: (BD-RjUL)79916: Holloway, J. Christopher , The business of tourism /, 2020